MARC details
| 000 -LEADER |
| campo de control de longitud fija |
01417cam a2200337 i 4500 |
| 003 - IDENTIFICADOR DE NÚMERO DE CONTROL |
| campo de control |
BJBSDDR |
| 005 - FECHA Y HORA DE LA ÚLTIMA TRANSACCIÓN |
| campo de control |
20231213132339.0 |
| 007 - CAMPO FIJO DE DESCRIPCIÓN FÍSICA--INFORMACIÓN GENERAL |
| campo de control de longitud fija |
ta |
| 008 - DATOS DE LONGITUD FIJA--INFORMACIÓN GENERAL |
| campo de control de longitud fija |
170608s1999 dr 000 0 spa |
| 040 ## - FUENTE DE CATALOGACIÓN |
| Lengua de catalogación |
spa |
| Centro/agencia transcriptor |
BJBSDDR |
| 041 0# - CÓDIGO DE IDIOMA |
| Código de lengua del texto/banda sonora o título independiente |
spa |
| 050 14 - SIGNATURA TOPOGRÁFICA DE LA BIBLIOTECA DEL CONGRESO |
| Número de clasificación |
118 RD 129.5 |
| Número de ítem |
P592d 2011 |
| 100 1# - ENTRADA PRINCIPAL--NOMBRE DE PERSONA |
| Nombre de persona |
Pichardo Pantaleón, Alejandro, |
| Fechas asociadas al nombre |
1947- |
| 9 (RLIN) |
343 |
| 245 10 - MENCIÓN DEL TÍTULO |
| Título |
Donación y transplante de organos : |
| Resto del título |
consideraciones éticas y legales / |
| Mención de responsabilidad, etc. |
Alejandro Pichardo ; Coautor, José M. Reynoso Q. |
| 260 ## - PUBLICACIÓN, DISTRIBUCIÓN, ETC. |
| Lugar de publicación, distribución, etc. |
Santo Domingo, R. D. : |
| Nombre del editor, distribuidor, etc. |
Ediciones FUNGLODE, |
| Fecha de publicación, distribución, etc. |
1999. |
| 300 ## - DESCRIPCIÓN FÍSICA |
| Extensión |
116 páginas ; |
| Dimensiones |
23 cm. |
| 650 #0 - PUNTO DE ACCESO ADICIONAL DE MATERIA--TÉRMINO DE MATERIA |
| Término de materia o nombre geográfico como elemento de entrada |
Donation of organs, tissues, etc. |
| 650 #0 - PUNTO DE ACCESO ADICIONAL DE MATERIA--TÉRMINO DE MATERIA |
| Término de materia o nombre geográfico como elemento de entrada |
Donation of organs, tissues, etc. |
| Subdivisión general |
Moral and ethical aspects. |
| 650 #0 - PUNTO DE ACCESO ADICIONAL DE MATERIA--TÉRMINO DE MATERIA |
| Término de materia o nombre geográfico como elemento de entrada |
Transplantation of organs, tissues, etc. |
| Subdivisión general |
Moral and ethical aspects. |
| 650 #4 - PUNTO DE ACCESO ADICIONAL DE MATERIA--TÉRMINO DE MATERIA |
| Término de materia o nombre geográfico como elemento de entrada |
Trasplantes de órganos, tejidos, etc. |
| Subdivisión general |
Aspectos morales |
| 9 (RLIN) |
28526 |
| 650 #4 - PUNTO DE ACCESO ADICIONAL DE MATERIA--TÉRMINO DE MATERIA |
| Término de materia o nombre geográfico como elemento de entrada |
Trasplantes de órganos, tejidos, etc. |
| 9 (RLIN) |
28525 |
| 650 #4 - PUNTO DE ACCESO ADICIONAL DE MATERIA--TÉRMINO DE MATERIA |
| Término de materia o nombre geográfico como elemento de entrada |
Trasplantes de órganos, tejidos, etc |
| Subdivisión general |
Aspectos jurídicos |
| 9 (RLIN) |
28530 |
| 650 #4 - PUNTO DE ACCESO ADICIONAL DE MATERIA--TÉRMINO DE MATERIA |
| Término de materia o nombre geográfico como elemento de entrada |
Donación de órganos, tejidos, etc. |
| Subdivisión general |
Aspectos morales |
| 9 (RLIN) |
28527 |
| 650 #4 - PUNTO DE ACCESO ADICIONAL DE MATERIA--TÉRMINO DE MATERIA |
| Término de materia o nombre geográfico como elemento de entrada |
Donación de órganos, tejidos, etc. |
| 9 (RLIN) |
28528 |
| 650 #4 - PUNTO DE ACCESO ADICIONAL DE MATERIA--TÉRMINO DE MATERIA |
| Término de materia o nombre geográfico como elemento de entrada |
Donación de órganos, tejidos, etc. |
| Subdivisión general |
Aspectos jurídicos |
| 9 (RLIN) |
28531 |
| 650 #4 - PUNTO DE ACCESO ADICIONAL DE MATERIA--TÉRMINO DE MATERIA |
| Término de materia o nombre geográfico como elemento de entrada |
BMD |
| 9 (RLIN) |
28701 |
| 650 #4 - PUNTO DE ACCESO ADICIONAL DE MATERIA--TÉRMINO DE MATERIA |
| Término de materia o nombre geográfico como elemento de entrada |
Bibliografía Médicos Dominicanos. |
| 9 (RLIN) |
340 |
| 700 1# - ENTRADA AGREGADA--NOMBRE PERSONAL |
| Nombre de persona |
Reynoso, José M. |
| 9 (RLIN) |
28529 |
| Término indicativo de función/relación |
coautor |
| 942 ## - ELEMENTOS DE ENTRADA SECUNDARIOS (KOHA) |
| Fuente del sistema de clasificación o colocación |
Clasificación de Library of Congress |
| Tipo de ítem Koha |
Libro |
| 946 ## - PROCESAMIENTO DE INFORMACIÓN LOCAL (OCLC) |
| a |
SH |